Statistics for Word Answers Start with "Circum-"

Click here to take the quiz!

General Stats

  • This quiz has been taken 91 times
    (78 since last reset)
  • The average score is 5 of 9

Answer Stats

PoSHintWord% Correct
nIn a circle, what 2πR equalscircumference
100%
vTo remove the foreskincircumcise
94%
vTo completely find one's way around an island, continent, or astronomical bodycircumnavigate
79%
nA condition or fact attending an event and having some bearing on itcircumstance
76%
vTo avoid or get around by artful maneuvering; to bypasscircumvent
70%
adjWatchful and discreet; cautious; prudentcircumspect
48%
nThe diacritic above letters that looks like an upside down "V", or chevroncircumflex
30%
vTo draw a circle that passes through all the vertices of a polygoncircumscribe
30%
vTo pour or spread (a liquid, powder, etc) aroundcircumfuse
7%

Score Distribution

Percentile by Number Answered

Percent of People with Each Score

Your Score History

You have not taken this quiz since the last reset